[Event "Vaujany op 14th"]
[Site "Vaujany"]
[Date "2023.07.17"]
[Round "5"]
[White "Anwesh, Upadhyaya"]
[Black "Rebut, Paul"]
[Result "1-0"]
[WhiteElo "2356"]
[BlackElo "1973"]
[PlyCount "59"]
[EventDate "2023.07.13"]
[EventType "swiss"]
[EventRounds "9"]
[EventCountry "FRA"]
[SourceTitle "CBM 215 Extra"]
[Source "ChessBase"]
[SourceDate "2023.09.30"]
[SourceVersion "1"]
[SourceVersionDate "2023.09.30"]
[SourceQuality "1"]

1. d4 Nf6 2. c4 g6 3. Nc3 Bg7 4. e4 d6 5. f3 0-0 6. Bg5 c5 7. d5 a6 8. a4 e6 9. Qd2 exd5 10. cxd5 Re8 11. Nge2 Qa5 12. Ra3 Nbd7 13. Ng3 h5 14. Be2 Nh7 15. Be3 Ne5 16. 0-0 Qc7 17. f4 Ng4 18. Bxg4 Bxg4 19. e5 b6 20. a5 dxe5 21. axb6 Qxb6 22. f5 e4 23. h3 h4 24. hxg4 hxg3 25. d6 Nf6 26. g5 Ng4 27. fxg6 fxg6 28. Qd5+ Kh7 29. Rf4 Bxc3 30. Qf7+ 1-0

[Event "FRA-ch U20"]
[Site "Europe Echecs INT"]
[Date "2020.07.12"]
[Round "6"]
[White "Rebut, Paul"]
[Black "Lemiere, Maxence"]
[Result "0-1"]
[WhiteElo "1966"]
[BlackElo "1618"]
[PlyCount "42"]
[EventDate "2020.07.12"]
[EventType "swiss (rapid)"]
[EventRounds "9"]
[EventCountry "FRA"]
[SourceTitle "EXT 2021"]
[Source "ChessBase"]
[SourceDate "2020.10.23"]
[SourceVersion "1"]
[SourceVersionDate "2020.10.23"]
[SourceQuality "1"]

1. d4 g6 2. e4 Bg7 3. Nc3 d6 4. Bf4 Nd7 5. Qd2 b6 6. 0-0-0 Bb7 7. f3 c5 8. Be3 Ngf6 9. dxc5 Nxc5 10. Bxc5 bxc5 11. Bb5+ Nd7 12. Nd5 0-0 13. Qg5 Bxd5 14. Bxd7 Bxa2 15. Bc6 Rb8 16. b3 Qa5 17. Ne2 Bc3 18. Nxc3 Qxc3 19. Ba4 c4 20. Rhe1 cxb3 21. Bxb3 Rxb3 0-1

[Event "FRA-ch U18/14 Online"]
[Site "Europe Echecs INT"]
[Date "2020.07.11"]
[Round "6"]
[White "Rebut, Paul"]
[Black "Cavailles, Evan"]
[Result "1/2-1/2"]
[WhiteElo "1966"]
[BlackElo "2018"]
[PlyCount "83"]
[EventDate "2020.07.11"]
[EventType "swiss (blitz)"]
[EventRounds "9"]
[EventCountry "FRA"]
[SourceTitle "EXT 2021"]
[Source "ChessBase"]
[SourceDate "2020.10.23"]
[SourceVersion "1"]
[SourceVersionDate "2020.10.23"]
[SourceQuality "1"]

1. d4 d5 2. Bf4 Nf6 3. e3 c5 4. Nd2 Nc6 5. c3 e6 6. Ngf3 Bd6 7. Bg3 0-0 8. Bd3 b6 9. e4 Be7 10. Ne5 Bb7 11. Nxc6 Bxc6 12. e5 Ne4 13. 0-0 cxd4 14. cxd4 Bb4 15. Nf3 Qd7 16. a3 Be7 17. Qe2 Rac8 18. Rac1 Rc7 19. Nd2 Nxd2 20. Qxd2 Rfc8 21. Rc3 b5 22. Rc2 b4 23. axb4 Bb5 24. Rfc1 Bxd3 25. Qxd3 Bxb4 26. Bf4 a5 27. Bd2 Rxc2 28. Rxc2 Rxc2 29. Qxc2 Bxd2 30. Qxd2 Qb5 31. g3 g6 32. Qg5 Qb6 33. Qd2 Kg7 34. h4 h5 35. Kg2 Qb5 36. Qg5 Qxb2 37. Qf6+ Kg8 38. Qd8+ Kh7 39. Qe7 Kg7 40. Qf6+ Kg8 41. Qd8+ Kg7 42. Qf6+ 1/2-1/2

[Event "FRA-ch Blitz Online Qual"]
[Site "Europe Echecs INT"]
[Date "2020.05.16"]
[Round "6"]
[White "Rebut, Paul"]
[Black "Daeschler, Florian"]
[Result "1/2-1/2"]
[WhiteElo "1966"]
[BlackElo "2322"]
[PlyCount "92"]
[EventDate "2020.05.16"]
[EventType "swiss (blitz)"]
[EventRounds "15"]
[EventCountry "FRA"]
[SourceTitle "CBM 196 Extra"]
[Source "ChessBase"]
[SourceDate "2020.07.31"]
[SourceVersion "1"]
[SourceVersionDate "2020.07.31"]
[SourceQuality "1"]

1. d4 d5 2. Bf4 Nf6 3. e3 c5 4. Nd2 Nc6 5. c3 e6 6. Ngf3 Bd6 7. Bg3 0-0 8. Bd3 b6 9. e4 dxe4 10. Nxe4 Nxe4 11. Bxe4 Bb7 12. Qa4 Rc8 13. dxc5 Bxc5 14. Rd1 Qe7 15. 0-0 a6 16. b4 b5 17. Qc2 Nxb4 18. cxb4 Bxf2+ 19. Qxf2 Bxe4 20. Bd6 Qb7 21. Bxf8 Rxf8 22. Rfe1 h6 23. Qe3 Bd5 24. a3 Rc8 25. Rc1 Bc4 26. Red1 Qe7 27. Rd2 Qf6 28. Qe5 Qg6 29. Rcd1 Bd5 30. Qg3 Qf6 31. Ne5 Qe7 32. Qd3 Qg5 33. Nf3 Qf4 34. Qd4 Qd6 35. Qe5 Qb6+ 36. Kh1 Rc4 37. Rd4 Rc3 38. R4d3 Rc4 39. Rc3 Qf2 40. Rxc4 Bxf3 41. Rc8+ Kh7 42. Rg1 Bxg2+ 43. Rxg2 Qf1+ 44. Rg1 Qf3+ 45. Rg2 Qf1+ 46. Rg1 Qf3+ 1/2-1/2

[Event "Mumbai Wealth op 4th"]
[Site "Mumbai"]
[Date "2018.12.30"]
[Round "1"]
[White "Rebut, Paul"]
[Black "Dushyant, Sharma"]
[Result "0-1"]
[WhiteElo "1740"]
[BlackElo "2271"]
[PlyCount "50"]
[EventDate "2018.12.30"]
[EventType "swiss"]
[EventRounds "9"]
[EventCountry "IND"]
[SourceTitle "CBM 188 Extra"]
[Source "ChessBase"]
[SourceDate "2019.02.26"]
[SourceVersion "1"]
[SourceVersionDate "2019.02.26"]
[SourceQuality "1"]

1. e4 e5 2. Nf3 Nc6 3. d4 exd4 4. Nxd4 Nf6 5. Nxc6 bxc6 6. e5 Qe7 7. Qe2 Nd5 8. c4 Nb6 9. Nd2 Qe6 10. Nf3 Bc5 11. Bd2 a5 12. Ng5 Qe7 13. f4 Bb4 14. a3 Bxd2+ 15. Qxd2 f6 16. Nf3 fxe5 17. fxe5 Ba6 18. Qc2 Qc5 19. Be2 Qe3 20. b3 a4 21. Qd3 Qxd3 22. Bxd3 axb3 23. Nd2 0-0 24. Nxb3 Bxc4 25. Nc5 d6 0-1

[Event "Reunion op 18th"]
[Site "St Denis"]
[Date "2016.10.13"]
[Round "6"]
[White "Payet, Bruno"]
[Black "Rebut, Paul"]
[Result "1-0"]
[WhiteElo "1111"]
[BlackElo "1050"]
[PlyCount "45"]
[EventDate "2016.10.10"]
[EventType "swiss"]
[EventRounds "7"]
[EventCountry "RUF"]
[SourceTitle "CBM 175 Extra"]
[Source "ChessBase"]
[SourceDate "2016.12.12"]
[SourceVersion "1"]
[SourceVersionDate "2016.12.12"]
[SourceQuality "1"]

1. Nc3 e5 2. Nf3 Nc6 3. e4 Nf6 4. Bc4 Bc5 5. d3 d6 6. Bg5 h6 7. Bh4 Bg4 8. h3 Bh5 9. g4 Bg6 10. Qe2 0-0 11. 0-0-0 h5 12. Ng5 Nd4 13. Qf1 hxg4 14. Ne2 Nxe2+ 15. Qxe2 Qd7 16. Kb1 Bh5 17. Qd2 gxh3 18. Rdg1 d5 19. exd5 Nxd5 20. Nxh3 f6 21. Qh6 Qf7 22. Bxd5 Bf3 23. Qxg7# 1-0